000 00543nam a22001697a 4500
005 20250817150525.0
008 250817b |||||||| |||| 00| 0 eng d
020 _a9780892131280
040 _cVITAP
082 _223rd Ed.
_a294.5 PRA
100 _aPrabhupada A. C. Bhaktivedanta Swami
_916188
245 _aPerfect Questions Perfect Answers
_c/ A. C. Bhaktivedanta Swami Prabhupada
260 _aMumbai
_bThe Bhaktivedanta Book Trust
_c1983
300 _aviii, 103p. : ill. ; 18cm
650 0 _aGeneral; Spiritual
_916189
942 _2ddc
_cREF
999 _c46894
_d46894